banner koha

Filtragem central autônoma em perímetros irrigados (Registro n. 329262)

MARC details
000 -LÍDER
fixed length control field 00736nab a2200241 4500
003 - CÓDIGO MARC DA AGÊNCIA CATALOGADORA
Campo de controle BR-BrBNA
005 - DATA E HORA DA ÚLTIMA ATUALIZAÇÃO
Campo de controle 20241213220316.0
008 - CAMPO DE TAMANHO FIXO
fixed length control field 241213b bl.||||| |||| 00| 0 por d
040 ## - FONTE DA CATALOGAÇÃO
Agência catalogadora BR-BrBNA
Idioma da catalogação por
072 ## - CATEGORIA AGRIS
Código AGRIS P10 ; F06 ; N20
100 ## - ENTRADA PRINCIPAL - NOME PESSOAL
Nome pessoal Brito, Zenilton
245 ## - TÍTULO PRINCIPAL
Título principal Filtragem central autônoma em perímetros irrigados
500 ## - NOTA GERAL
Nota geral 9 illus.
942 ## - ADDED ENTRY ELEMENTS (KOHA)
Koha item type Analítica
650 ## - ASSUNTO - THESAGRO
Cabeçalho tópico ou nome geográfico PERÍMETRO IRRIGADO
650 ## - ASSUNTO - THESAGRO
Cabeçalho tópico ou nome geográfico SISTEMA DE IRRIGAÇAO
650 ## - ASSUNTO - THESAGRO
Cabeçalho tópico ou nome geográfico FILTRAÇÃO
650 ## - ASSUNTO - THESAGRO
Cabeçalho tópico ou nome geográfico TRATAMENTO DA ÁGUA
650 ## - ASSUNTO - THESAGRO
Cabeçalho tópico ou nome geográfico EQUIPAMENTO
650 ## - ASSUNTO - THESAGRO
Cabeçalho tópico ou nome geográfico MANUTENÇÃO
773 0# - ENTRADA ANALÍTICA
Host Biblionumber 4820
Registro do item 344754
Imprenta Votuporanga/SP IRRIGAZINE 2009
Outro identificador 2024-5083
Título Irrigazine (Brazil)
Colação v. 10(40) p. 26-27; (Mar 2015)
Número de controle de registro BR2024003939

Nenhum exemplar disponível.

BINAGRI

Telefone: (61)3218-2567/2388/3357/2097 - binagri@agro.gov.br

Ministério da Agricultura e Pecuária , Esplanada dos Ministérios, Bloco D, Anexo B, Brasília/DF, CEP: 70.043-900